| 000 | 00573nam a22001697a 4500 | ||
|---|---|---|---|
| 003 | DO-SdBNP | ||
| 005 | 20171127131833.0 | ||
| 008 | 171127b us1953||||| |||| 00| 0 spa d | ||
| 040 |
_aBMPSU _bspa _cBMPSU |
||
| 245 | 0 | 4 |
_aThe Caribbean: contemporary trends / _ced. by A. Curtis Wilgus |
| 260 |
_aJaclsonville, Flórida: _bUniversity of Flórida, _c1953 |
||
| 300 |
_axxvi, 292 p. _bil. ; _c24 cm |
||
| 500 | _aIncluye referencias bibliográficas y notas al pie de las páginas | ||
| 700 |
_aWilgus, A. Curtis _eed. |
||
| 942 |
_2ddc _cBK |
||
| 945 | _aInventariado, 2017/MFF | ||
| 999 |
_c13129 _d13129 |
||